Four years of goods and services tax in India: Road ahead (Record no. 524677)

000 -LEADER
fixed length control field 01685nam a22001577a 4500
008 - FIXED-LENGTH DATA ELEMENTS--GENERAL INFORMATION
fixed length control field 240110b ||||| |||| 00| 0 eng d
100 ## - MAIN ENTRY--PERSONAL NAME
Personal name Jain, Parul
245 ## - TITLE STATEMENT
Title Four years of goods and services tax in India: Road ahead
260 ## - PUBLICATION, DISTRIBUTION, ETC. (IMPRINT)
Place of publication, distribution, etc Indian Journal of Public Administration
300 ## - PHYSICAL DESCRIPTION
Extent 69(4), Dec, 2023: p.788-800
520 ## - SUMMARY, ETC.
Summary, etc The ideology behind GST was to reduce the multiplicity of existing indirect taxes and implement a uniform taxation structure across the nation. A perfect GST would have been wherein the GSTs are taxed at a single tax rate, subject to minimal or no exceptions. However, for a country like India, a tiered tax rate structure becomes inevitable to take into account the larger social agenda. GST is in the interest of trade and industry as it would do away with multiplicity of taxes and their cascading impacts. It will lead to the creation of a unified market for facilitating seamless movement of goods across the states. By subsuming a large number of Central and State taxes into a single tax, it would mitigate cascading effects or double taxation in a major way and pave the way for a national common market. However, we need to keep in mind that taxation policy has to be transparent, predictable and inclusive. This alone can maximise the favourable impact of GST on investment and growth. There is a strong case for phasing out a lot of exemptions. The GST council should seriously work on strengthening the GST system. – Reproduced

https://journals.sagepub.com/doi/abs/10.1177/00195561231166526
650 ## - SUBJECT ADDED ENTRY--TOPICAL TERM
Topical term or geographic name as entry element Services tax
9 (RLIN) 47975
773 ## - HOST ITEM ENTRY
Main entry heading Indian Journal of Public Administration
906 ## - LOCAL DATA ELEMENT F, LDF (RLIN)
Subject DIP TAXATION
942 ## - ADDED ENTRY ELEMENTS (KOHA)
Item type Articles
Holdings
Withdrawn status Lost status Source of classification or shelving scheme Damaged status Not for loan Permanent location Current location Date acquired Serial Enumeration / chronology Barcode Date last seen Koha item type
          Indian Institute of Public Administration Indian Institute of Public Administration 2024-01-10 69(4), Dec, 2023: p.788-800 AR130502 2024-01-10 Articles

Powered by Koha